|
|
|
|
| LEADER |
00000cam a2200000 7i4500 |
| 001 |
0000002126 |
| 005 |
20021118.0 |
| 020 |
0 |
0 |
|a 0643067566
|
| 090 |
0 |
0 |
|a 333.7509945
|b WIL 2002
|
| 245 |
0 |
0 |
|a WILDLIFE, fire & future climate :
|b a forest ecosystem analysis
|c Brendon MacKey ... (et al.)
|
| 260 |
0 |
0 |
|a Collingwood, Australia :
|b CSIRO Pub. ,
|c 2002
|
| 300 |
|
|
|a viii, 188 p. :
|b ill. (some col.), maps ;
|c 25 cm.
|
| 500 |
0 |
0 |
|a Includes bibliography : p. 166-185 and index
|
| 650 |
0 |
0 |
|a Climate changes
|z Australia
|x Central Highlands Region
|
| 650 |
0 |
0 |
|a Forest ecology
|z Australia
|x Central Highlands Region
|
| 650 |
0 |
0 |
|a Forest fires
|z Australia
|x Central Highlands Region
|
| 700 |
0 |
1 |
|a MacKey
|h Brendan
|
| 998 |
|
|
|a JPSM
|
| 999 |
|
|
|a 0000003511
|b Monograph
|c Open Shelf
|e Default branch
|